00810 2200169 4500245006500000020001800065250001700083100002600100650001800126005001900144260004000163041001400203084001100217300002800228500037500256336000900631 aSejarah Pemikiran Ekonomi IslamcAdiwarman Azwar KarimhText a979-3654-22-8 aEd. 3 Cet. 3 aAdiwarman Azwar Karim aEkonomi Islam a20240507125111 aJakartabRajaGrafindo Persadac2008 aIndonesia a297.63 axiv, 460 hlm. :c21 cm. aBuku ini menampilkan pemikiran ekonomi para sarjana Muslim terkemuka yang akan memberikan kontribusi positif bagi umat Islam, setidaknya dalam dua hal: pertama, membantu menemukan berbagai sumberpemikiran Islam kontemporer, dan; kedua, memberikan kemungkinan kepada kita untuk mendapatkan pemahaman yang lebih baik mengenai perjalanan pemikiran ekonomi Islam selama ini. atext